| 000 | 00853cam a2200253 a 4500 | ||
|---|---|---|---|
| 001 | 000014864 | ||
| 005 | 20200929163918.0 | ||
| 008 | 730516s1981 mx 000 0 spa d | ||
| 035 | _a(DLC) 72326805 | ||
| 035 | _a(OCoLC)624884 | ||
| 040 |
_aDO-SdBNP _bspa _cNhD _dDLC _dBNPHU |
||
| 082 |
_a302.23 _bM435c, 1981 |
||
| 100 | 1 |
_aMattelart, Armand, _d1936- _933675 |
|
| 245 | 1 | 0 |
_aComunicación masiva en el proceso de liberación / _cArmand Mattelart. |
| 250 | _a8a ed. | ||
| 260 |
_aMéxico : _bSiglo Veintiuno, _c1981. |
||
| 300 |
_a264 p. ; _c21 cm. |
||
| 490 | 1 | _aSociología y política | |
| 504 | _aIncluye referencias bibliográficas y notas al pie de las páginas. | ||
| 650 | 4 |
_aMedios de comunicación de masas _xAspectos sociales _933676 |
|
| 830 | 0 |
_aSociología y política. _917789 |
|
| 910 | _aCatalogación derivada | ||
| 049 | _aBNGR | ||
| 999 |
_c14444 _d14444 |
||